000 00717nam a22001817a 4500
999 _c371357
_d371357
008 201127b ||||| |||| 00| 0 eng d
040 _aDE-2950
_bger
_cDE-2950
_erda
041 _ager
245 _aPiks auf dem Campus.
_bPandemie: Die Europa-Universität Viadrina organisiert gemeinsam mit einer Arztpraxis immer wieder Impftage für Studierende und Mitwirkende /.
_cJacqueline Westermann
264 _c2022
653 _aFrankfurt (Oder)
653 _aPandemie/Corona
773 _dFrankfurt (Oder) Märkisches Verlags- und Druckhaus GmbH & Co KG
_tMärkische Oderzeitung
_g33. Jahrgang (2022) Nr. 17 vom 21.01.2022, S. 15
942 _cA